• 首页
  • 本馆介绍
  • 公告通知
  • 最新文献
  • 馆藏检索
  • 电子资源
  • 读者导购
  • 参考咨询
  • 我的图书馆
  • 登录
  • 详细信息显示
  • 放入我的书架
  • 预约/预借图书
  • 作者相关作品
  • 分类相关作品
  • 丛书相关作品
  • 出版社相关作品

书目信息

  • 表格格式
  • 工作单格式
  • 卡片格式
题名:
世界地理之最词典
    
 
作者: 刘伉 主编
分册:  
出版信息: 上海   上海辞书出版社  1987
页数: 271页
开本: 19cm
丛书名:
单 册:
中图分类: K91-61 , K-61
科图分类:
主题词: 地理--世界--词典 , 历史
电子资源:
ISBN:
000 00692nam0 2200265 45
001 1568081541
005 20170927110640.79
010    @dCNY1.35
091    @aCN@b12187.6
100    @a19900830d1987 em y0chiy0121 ea
101 0  @achi
102    @aCN@b310000
105    @aa e 000yy
200 10 @a世界地理之最词典@Ashi jie di li zhi zui ci dian@f刘伉主编
210    @a上海@c上海辞书出版社@d1987
215    @a271页@c图表@d19cm
300    @a附: 世界地理之最扩大比较资料表
606    @a地理@y世界@x词典
606 0  @a历史
690    @aK91-61@v3
690    @aK-61@v4
701  0 @a刘伉@Aliu kang@4主编
801  0 @aCN@bTSSF@c20150121
801  2 @aCN@bNLC
905    @aZUCC@dK-61@eJY18
    
    世界地理之最词典/刘伉主编.-上海:上海辞书出版社,1987
    271页:图表;19cm
    附: 世界地理之最扩大比较资料表
    
    ISBN :CNY1.35
    
●
相关链接 在E读中查询图书 在五车中查询图书 在当当中查询图书 在豆瓣中查询图书


正题名:世界地理之最词典     索取号:K-61/JY18         预约/预借

序号 登录号 条形码 馆藏地/架位号 状态 备注
1 7841028   278410284   学院路分馆/ [索取号:K-61/JY18] 在馆    
唐山师范学院图书馆 欢迎您!
大连网信软件有限公司© 版权所有